01747nam a2200385 a 4500001001000000003000500010005001700015008004100032010001100073011001100084040000900095090001000104100005500114245024300169260004100412500006000453502008500513590003700598590004100635590004000676590004000716590004000756650005700796650003200853650004200885700004000927856001600967856007000983901000701053942001001060942000601070999001901076952013101095952013501226000114541CHAP20220329144445.0180302s2017 mx a fsm |||||||spa d a111002 a111974 cCHAP aTesis1 aCastillo Herrera, María de los Ángeles913466010aImplementación de paquetes tecnológicos para el mejoramiento de la producción de cebada maltera en el municipio de Villa de Arriaga, S. L. P. /h[En línea]cpor María de los Angeles Castillo Herrera y Luis Enrique Zavala Castro. aChapingo, Méx. :bEl autor,c2017. aPara ver el contenido del material haga clic en la liga aTesis (Ing. Agroindustrial) -- UACH. Departamento de Ingeniería Agroindustrial aBATCHb00c20181121lUCH01h0759 aE11695DGDb10c20180302lUCH01h1331 aE8697GMMb05c20180302lUCH01h0925 aE8697GMMb05c20180302lUCH01h0927 aE8697GMMb05c20180302lUCH01h114414aCebada malteraxMercadeozSan Luis Potosí.913465614aCebadaxRendimiento.92070714aOrganización de productores.9835441 aZavala Castro, Luis Enrique9134661 a1 n0001414 aFinding aiduhttp://10.13.5.2/tesis/sist114541.pdfzTeclea aquí aBK cTESIS n0 c111002d111002 00104054718TESISaBCbBCd2018-03-02fTESISl0oTesisp114541-10r2019-12-31 00:00:00w2019-12-31yTESISzRecien adquirido 00102local4053708TESISaBCbBCcPA_TESISd2018-03-02fTESISl0oTesisp114541-20r2019-12-31 00:00:00tc.2w2019-12-31yTESIS